000 00274nam a2200109Ia 4500
008 220120s9999||||xx |||||||||||||| ||und||
100 _aChhabra, T.N
245 0 _aHuman resource management
260 _aDhanpat rai publications
_c2012
300 _b0
650 _aMECHANICHAL
999 _c137189
_d137189